000 00409cam a2200169ua 4500
020 _c1.50
041 _amal
_h
082 _a746.14
_bKAM/PA
100 _aKamath, P G.
245 0 0 _aPanjiyum noolum /
_cP.G Kamath.
_hTextual Documents
260 _aThuravoor :
_bSree Narasimha Vilasam Book Depot ,
_c1963.
300 _a141 ; .
365 _a1.50
504 _a
942 _cBK
999 _c637
_d637